00415nam a2200121 a 450000100100000000500170001000800410002704000250006808200150009324500790010826000770018730000290026400003582020200930074634.0111115s1970 cl c 000 0 spa d aDO-SdBNPbspacBNPHU axxxxbB61500aBiografía de S. E. el presidente de la República Dr. Salvador Allende. a[Santiago, Chile :bPrograma del Gobierno de la Unidad Popular,c1970.]. a63 p. :bretr. ;c20 cm.